[Event "15PCR_F"]
[Site "?"]
[Date "2006.??.??"]
[Round "?"]
[White "Postl, Rostislav"]
[Black "Hrubcik, Martin"]
[Result "1/2-1/2"]
[WhiteElo "2314"]
[BlackElo "2199"]
[PlyCount "136"]
[EventDate "2006.??.??"]
[SourceDate "2006.08.10"]

1. d4 c6 2. e4 d5 3. e5 c5 4. Nf3 Nc6 5. dxc5 Bg4 6. Bb5 Qa5+ 7. Nc3 e6 8. Be3
a6 9. Bxc6+ bxc6 10. a3 Bxf3 11. Qxf3 Rb8 12. O-O Rxb2 13. Bd4 Rb8 14. Rab1 Rc8
15. Rb4 Bxc5 16. Ra4 Qb6 17. Rb1 Qa7 18. Bxc5 Qxc5 19. Rg4 g6 20. Rb7 Ne7 21.
Rgb4 O-O 22. Qd3 Nf5 23. Na4 Qa5 24. Nb6 Rb8 25. Nxd5 Rxb7 26. Nf6+ Kg7 27.
Rxb7 Rd8 28. Nd7 Qe1+ 29. Qf1 Qc3 30. h3 Qxa3 31. Qb1 Nd4 32. Kh2 Qe7 33. Nf6
Qc5 34. Nd7 Nf3+ 35. Kg3 Qd4 36. Qb6 Rxd7 37. Qxd4 Rxd4 38. Kxf3 g5 39. Rb6 Rc4
40. Rxa6 Rxc2 41. Ra8 Rc5 42. Ke4 h5 43. Ra6 Rc1 44. Kf3 h4 45. Ra8 Kg6 46.
Rg8+ Kf5 47. Rg7 c5 48. Rxf7+ Kxe5 49. Kg4 Rg1 50. Kxg5 c4 51. Rc7 Rxg2+ 52.
Kxh4 Kd4 53. Rd7+ Ke4 54. Re7 e5 55. Rc7 Kd3 56. Rd7+ Kc2 57. Rd5 Rxf2 58. Rxe5
Rg2 59. Kh5 c3 60. h4 Kd3 61. Rd5+ Kc4 62. Rd1 c2 63. Rf1 Kd3 64. Kh6 Rf2 65.
Rc1 Kd2 66. Ra1 c1=Q 67. Rxc1 Kxc1 68. h5 Rg2 1/2-1/2

[Event "15PCR_F"]
[Site "?"]
[Date "2006.??.??"]
[Round "?"]
[White "Kotrc, Michal"]
[Black "Hrubcik, Martin"]
[Result "1-0"]
[WhiteElo "2204"]
[BlackElo "2199"]
[PlyCount "91"]
[EventDate "2006.??.??"]
[SourceDate "2006.08.10"]

1. e4 c5 2. Nf3 d6 3. d4 cxd4 4. Nxd4 Nf6 5. Nc3 a6 6. Bg5 e6 7. f4 Qb6 8. Qd2
Qxb2 9. Rb1 Qa3 10. Bxf6 gxf6 11. Be2 Nc6 12. Nxc6 bxc6 13. O-O Qa5 14. Kh1 Be7
15. Qe3 h5 16. Rb3 h4 17. Rfb1 d5 18. a3 Rg8 19. f5 Rh8 20. Qf3 Bd8 21. Rf1 d4
22. Nd1 h3 23. g3 e5 24. Nb2 Bc7 25. Rb1 c5 26. Nc4 Qa4 27. Bd3 Kf8 28. Kg1 Ra7
29. Nb2 Qc6 30. Bc4 Rb7 31. Bd5 Rxb3 32. Qxb3 Qb5 33. Nc4 Qxb3 34. Rxb3 Ke7 35.
Kf2 Rg8 36. Kf3 Rd8 37. g4 Rh8 38. Kg3 Rh7 39. Bc6 a5 40. Rb5 Ba6 41. Rxc5 Bxc4
42. Rxc4 Rh8 43. Bb5 Bd6 44. a4 Bb4 45. Rc7+ Kf8 46. g5 1-0

[Event "15PCR_F"]
[Site "?"]
[Date "2006.??.??"]
[Round "?"]
[White "Popelka, Miloslav"]
[Black "Kotrc, Michal"]
[Result "1-0"]
[WhiteElo "2147"]
[BlackElo "2204"]
[PlyCount "105"]
[EventDate "2006.??.??"]
[SourceDate "2006.08.10"]

1. e4 c6 2. d4 d5 3. Nd2 dxe4 4. Nxe4 Nf6 5. Nxf6+ exf6 6. c3 Bd6 7. Bd3 O-O 8.
Qc2 h6 9. Ne2 Qc7 10. Be3 Re8 11. O-O-O Nd7 12. Rhe1 Nf8 13. Kb1 Be6 14. c4 b6
15. h3 Ng6 16. Nc3 Ne7 17. d5 cxd5 18. cxd5 Bd7 19. g4 Rac8 20. Qb3 Ng6 21. Nb5
Bxb5 22. Qxb5 Qb7 23. Bf5 Rcd8 24. Bc2 Rc8 25. Qd3 Qd7 26. Bd2 Rxe1 27. Bxe1 a5
28. f3 Rb8 29. h4 a4 30. h5 Nf8 31. Qa6 b5 32. Bd2 a3 33. b4 Qe7 34. Qxa3 Rd8
35. Qe3 Qb7 36. Bb3 Qb8 37. Re1 Qb7 38. a3 Qa6 39. Bc1 Rc8 40. Bb2 Qb7 41. Rc1
Ra8 42. Rc6 Qd7 43. Bc2 Re8 44. Be4 Rb8 45. Bf5 Qd8 46. Bd4 Bg3 47. Qe4 Bd6 48.
Ba7 Ra8 49. Bb6 Qb8 50. Qd3 Be5 51. Rc8 Qxb6 52. Bh7+ Kh8 53. Rxa8 1-0

[Event "15PCR_F"]
[Site "?"]
[Date "2006.??.??"]
[Round "?"]
[White "Koci, Vladimir"]
[Black "Hrubcik, Martin"]
[Result "1/2-1/2"]
[WhiteElo "2178"]
[BlackElo "2199"]
[PlyCount "99"]
[EventDate "2006.??.??"]
[SourceDate "2006.08.10"]

1. d4 c6 2. Nf3 d5 3. Bf4 Bg4 4. Nbd2 Nf6 5. Ne5 Bf5 6. e3 Nbd7 7. g4 Be6 8. g5
Nxe5 9. dxe5 Nd7 10. Nb3 Qb6 11. Qd2 g6 12. Qc3 h6 13. gxh6 Bxh6 14. Bg3 Bg7
15. Rg1 a5 16. a4 Bf5 17. O-O-O f6 18. f4 fxe5 19. fxe5 e6 20. h4 Qb4 21. Qd4
Bh6 22. Re1 Ke7 23. Bd3 Bxd3 24. Qxd3 c5 25. Rgf1 Rag8 26. Nd2 c4 27. Qd4 Nc5
28. Rf6 Nxa4 29. Nf3 Nc5 30. Bf4 c3 31. bxc3 Qa3+ 32. Kd1 Bxf4 33. Qxf4 Qxc3
34. Rf7+ Kd8 35. Qf6+ Kc8 36. Qe7 Kb8 37. Nd4 Rc8 38. Qd6+ Ka8 39. Qb6 Kb8 40.
Nb5 Qxc2+ 41. Kxc2 Nd7+ 42. Qc7+ Rxc7+ 43. Nxc7 Kxc7 44. e4 d4 45. Kd3 Kc6 46.
Kxd4 Nc5 47. Rc1 Rd8+ 48. Ke3 Rh8 49. Rh1 a4 50. Rg7 1/2-1/2

[Event "15PCR_F"]
[Site "?"]
[Date "2006.??.??"]
[Round "?"]
[White "Kotrc, Michal"]
[Black "Prchly, Milos"]
[Result "1/2-1/2"]
[WhiteElo "2204"]
[BlackElo "2269"]
[PlyCount "73"]
[EventDate "2006.??.??"]
[SourceDate "2006.08.10"]

1. e4 e5 2. Nf3 Nf6 3. Nc3 Nc6 4. Bb5 Bb4 5. O-O O-O 6. d3 d6 7. Bg5 Ne7 8. Nh4
c6 9. Bc4 d5 10. exd5 Bxc3 11. bxc3 Nexd5 12. Bxd5 cxd5 13. Qf3 h6 14. Bxf6
Qxf6 15. Qxf6 gxf6 16. f4 Be6 17. Rab1 b6 18. Rfe1 Rfc8 19. Rb3 e4 20. f5 Bd7
21. dxe4 Rc4 22. Nf3 dxe4 23. Nd4 Re8 24. Ra3 Re5 25. Rxa7 Bxf5 26. Re3 Bg6 27.
Rb7 f5 28. g3 Ra5 29. Rxb6 Rxa2 30. Kf2 Ra5 31. Rb4 Rac5 32. Ke2 Rxc3 33. Kd2
R3c4 34. Reb3 Kg7 35. Ke3 Kf6 36. Kf4 Rxb4 37. Rxb4 1/2-1/2

[Event "15PCR_F"]
[Site "?"]
[Date "2006.??.??"]
[Round "?"]
[White "Postl, Rostislav"]
[Black "Rychtecky, Pavel"]
[Result "1-0"]
[WhiteElo "2314"]
[BlackElo "2218"]
[PlyCount "125"]
[EventDate "2006.??.??"]
[SourceDate "2006.08.10"]

1. d4 d5 2. c4 c6 3. Nf3 e6 4. Nc3 dxc4 5. a4 Bb4 6. e3 b5 7. Bd2 a5 8. axb5
Bxc3 9. Bxc3 cxb5 10. b3 Bb7 11. bxc4 b4 12. Bb2 Nf6 13. Bd3 Nbd7 14. O-O O-O
15. Nd2 Qc7 16. Bc2 e5 17. Re1 Rfe8 18. Bb3 Qc6 19. d5 Qd6 20. Ba4 Rec8 21. Nb3
Nc5 22. Nxc5 Rxc5 23. Qb3 Ba6 24. e4 Ne8 25. Rec1 Rac8 26. f4 Bxc4 27. Qe3 exf4
28. Qd4 Kf8 29. Bxe8 Kxe8 30. Qxg7 Qg6 31. Qd4 f3 32. g3 Kd8 33. Qe3 f5 34. Bd4
Rb5 35. Rxc4 Rxc4 36. Qd3 Rbc5 37. Bxc5 Rxc5 38. e5 Ke8 39. e6 Qg4 40. Rd1 Qe4
41. Qxe4 fxe4 42. d6 Re5 43. d7+ Kd8 44. Rd6 e3 45. Ra6 f2+ 46. Kg2 Ke7 47. Ra8
Rd5 48. Re8+ Kf6 49. h4 a4 50. g4 a3 51. g5+ Ke5 52. d8=R Rxd8 53. Rxd8 Kxe6
54. Ra8 Kf5 55. Ra4 Ke4 56. Rxb4+ Kd3 57. Rb1 Kc2 58. Rh1 a2 59. h5 Kb2 60. g6
a1=Q 61. Rxa1 hxg6 62. hxg6 Kxa1 63. g7 1-0

[Event "15PCR_F"]
[Site "?"]
[Date "2006.??.??"]
[Round "?"]
[White "Jirku, Jaroslav"]
[Black "Kotrc, Michal"]
[Result "1/2-1/2"]
[WhiteElo "2278"]
[BlackElo "2204"]
[PlyCount "82"]
[EventDate "2006.??.??"]
[SourceDate "2006.08.10"]

1. e4 c6 2. d4 d5 3. Nc3 dxe4 4. Nxe4 Nf6 5. Nxf6+ exf6 6. Bc4 Qe7+ 7. Qe2 Be6
8. Bd3 c5 9. dxc5 Qxc5 10. Nf3 Nc6 11. Be3 Qa5+ 12. c3 Bd6 13. O-O Rd8 14. Nd4
Nxd4 15. Bxd4 O-O 16. f4 Rfe8 17. Kh1 Qd5 18. Qc2 f5 19. Rad1 Qxa2 20. Bxf5 Bb3
21. Bxh7+ Kf8 22. Qb1 Qxb1 23. Rxb1 b6 24. Bd3 Bc5 25. Bb5 Re6 26. f5 Red6 27.
Bxc5 bxc5 28. Ra1 Rd2 29. Rfe1 Rxb2 30. Rxa7 Rc2 31. Rae7 Be6 32. Rc7 Bxf5 33.
Rxc5 Be4 34. Bf1 f5 35. c4 Kf7 36. Ra5 Kf6 37. Ra6+ Kg5 38. h4+ Kh5 39. Be2+
Kxh4 40. Rg6 Rdd2 41. Bf1 Rd7 1/2-1/2

[Event "15PCR_F"]
[Site "?"]
[Date "2006.??.??"]
[Round "?"]
[White "Jirku, Jaroslav"]
[Black "Prchly, Milos"]
[Result "1/2-1/2"]
[WhiteElo "2278"]
[BlackElo "2269"]
[PlyCount "83"]
[EventDate "2006.??.??"]
[SourceDate "2006.08.10"]

1. e4 e5 2. Nf3 Nf6 3. Nxe5 d6 4. Nf3 Nxe4 5. d4 d5 6. Bd3 Be7 7. O-O Nc6 8.
Re1 Bg4 9. c4 Nf6 10. cxd5 Qxd5 11. Nc3 Qh5 12. Bb5 Rd8 13. Bf4 Bxf3 14. gxf3
Rd7 15. Bxc6 bxc6 16. Re5 Qg6+ 17. Kh1 Nh5 18. Be3 O-O 19. Ne4 f5 20. Qb3+ Kh8
21. Rg1 Qf7 22. Qxf7 Rxf7 23. Ng5 Rf6 24. f4 Bd6 25. Re8+ Rf8 26. Rxf8+ Bxf8
27. Rc1 Bd6 28. Rxc6 Kg8 29. Ra6 Bxf4 30. Rxa7 Bxg5 31. Bxg5 f4 32. Kg2 h6 33.
Ra8+ Kf7 34. Bd8 g5 35. Kf3 Rxd4 36. Bxc7 Nf6 37. Ke2 g4 38. Bb6 Rb4 39. Ra6
Nd5 40. Bc5 f3+ 41. Kd3 Nf4+ 42. Kc3 1/2-1/2

[Event "15PCR_F"]
[Site "?"]
[Date "2006.??.??"]
[Round "?"]
[White "Postl, Rostislav"]
[Black "Jirku, Jaroslav"]
[Result "1/2-1/2"]
[WhiteElo "2314"]
[BlackElo "2278"]
[PlyCount "143"]
[EventDate "2006.??.??"]
[SourceDate "2006.08.10"]

1. d4 d5 2. c4 e6 3. Nf3 Nf6 4. Nc3 c6 5. e3 Nbd7 6. Bd3 dxc4 7. Bxc4 b5 8. Bd3
Bb7 9. O-O a6 10. e4 c5 11. d5 Qc7 12. dxe6 fxe6 13. Bc2 c4 14. Ng5 Nc5 15. Qf3
h6 16. Qh3 O-O-O 17. Nxe6 Nxe6 18. Qxe6+ Kb8 19. Qh3 Bd6 20. Nd5 Bxd5 21. exd5
Nxd5 22. Be4 Be5 23. g3 Rhf8 24. f4 Bd4+ 25. Kh1 g5 26. Bg2 Qb6 27. a4 b4 28.
Qg4 Nc7 29. fxg5 Rxf1+ 30. Bxf1 Qc6+ 31. Bg2 Qe6 32. Qd1 Bf6 33. Qf3 Qe1+ 34.
Bf1 Bg7 35. gxh6 Bxh6 36. Bg5 Qxa1 37. Bxd8 Nd5 38. Bf6 Qe1 39. h4 c3 40. bxc3
bxc3 41. Kh2 Nxf6 42. Qxf6 Qd2+ 43. Kh1 Be3 44. Qe5+ Kb7 45. Bg2+ Kc8 46. Qe6+
Kd8 47. Qf6+ Kd7 48. Bc6+ Kc7 49. Be4 Qf2 50. Qxf2 Bxf2 51. Kg2 Be1 52. Bd3 Kd6
53. h5 Bd2 54. Kf3 Ke5 55. Ke2 a5 56. Kd1 Kf6 57. Kc2 Kg5 58. Be2 Be1 59. g4
Bf2 60. Bd1 Be1 61. Kb3 Bd2 62. Bf3 Be1 63. Be4 Bd2 64. Bf5 Be1 65. Be6 Bd2 66.
Kc2 Be1 67. Kd3 Bd2 68. Bf5 Be1 69. Bd7 Bd2 70. Bc8 Be1 71. Bf5 Bd2 72. Be6
1/2-1/2

[Event "15PCR_F"]
[Site "?"]
[Date "2006.??.??"]
[Round "?"]
[White "Prchly, Milos"]
[Black "Rychtecky, Pavel"]
[Result "1/2-1/2"]
[WhiteElo "2269"]
[BlackElo "2218"]
[PlyCount "90"]
[EventDate "2006.??.??"]
[SourceDate "2006.08.10"]

1. d4 d5 2. c4 e6 3. Nc3 Nf6 4. Bg5 Be7 5. e3 O-O 6. Nf3 h6 7. Bxf6 Bxf6 8. Rc1
c6 9. Bd3 Nd7 10. O-O dxc4 11. Bxc4 e5 12. h3 exd4 13. exd4 Nb6 14. Bb3 Re8 15.
Re1 Bf5 16. Rxe8+ Qxe8 17. Qd2 Qd7 18. Re1 Rd8 19. Qf4 Bg6 20. Ne4 Bxe4 21.
Qxe4 Nd5 22. Ne5 Qd6 23. h4 Qb4 24. h5 Bxe5 25. dxe5 Qxe4 26. Rxe4 Kf8 27. Rd4
Ke7 28. f4 f6 29. exf6+ Nxf6 30. Rxd8 Kxd8 31. Bf7 Ke7 32. Bg6 c5 33. Kf2 b5
34. Ke3 Kd6 35. g3 a5 36. Kd3 a4 37. a3 Ke6 38. Ke3 Kd6 39. Kd3 Kd5 40. Bf7+
Kd6 41. Ke3 b4 42. Kd3 Ke7 43. Bg6 bxa3 44. bxa3 Kd6 45. Kc4 Kc6 1/2-1/2

[Event "15PCR_F"]
[Site "?"]
[Date "2006.??.??"]
[Round "?"]
[White "Kotrc, Michal"]
[Black "Pytlik, Lesek"]
[Result "1/2-1/2"]
[WhiteElo "2204"]
[BlackElo "2403"]
[PlyCount "88"]
[EventDate "2006.??.??"]
[SourceDate "2006.08.10"]

1. e4 d6 2. d4 Nf6 3. Nc3 g6 4. g3 Bg7 5. Nge2 O-O 6. Bg2 e5 7. h3 Nc6 8. Be3
b6 9. O-O Ba6 10. Re1 Re8 11. a4 Bb7 12. d5 Nb4 13. a5 c6 14. axb6 axb6 15. Qd2
cxd5 16. Nxd5 Nbxd5 17. exd5 b5 18. Rxa8 Qxa8 19. Nc3 b4 20. Nb5 Rd8 21. c4
bxc3 22. bxc3 Qa4 23. Bb6 Rd7 24. Rb1 Bf8 25. Rb4 Qa1+ 26. Kh2 Bc8 27. c4 Rb7
28. Be3 Qa5 29. Rb2 Qxd2 30. Rxd2 Ne8 31. Ra2 Kg7 32. Ra8 Bd7 33. Na7 Nf6 34.
Nc6 Bf5 35. g4 Bd3 36. g5 Nd7 37. Rd8 Rc7 38. f4 Bxc4 39. Bd2 f6 40. gxf6+ Nxf6
41. Ba5 Rd7 42. fxe5 dxe5 43. Rxf8 Kxf8 44. Nxe5 Bb5 1/2-1/2

[Event "15PCR_F"]
[Site "?"]
[Date "2006.??.??"]
[Round "?"]
[White "Pecina, Pavel"]
[Black "Juhasz, Jozef"]
[Result "1/2-1/2"]
[WhiteElo "2258"]
[BlackElo "2162"]
[PlyCount "115"]
[EventDate "2006.??.??"]
[SourceDate "2006.08.10"]

1. e4 e5 2. Nf3 Nf6 3. d4 exd4 4. e5 Ne4 5. Qxd4 d5 6. exd6 Nxd6 7. Nc3 Nc6 8.
Qf4 Nf5 9. Bb5 Bd6 10. Qe4+ Qe7 11. O-O Qxe4 12. Nxe4 Bd7 13. Nxd6+ Nxd6 14.
Re1+ Kd8 15. Ba4 f6 16. c3 Ne5 17. Nxe5 Bxa4 18. Nd3 b6 19. Bf4 Kd7 20. b3 Bc6
21. c4 Rhe8 22. c5 Nb5 23. Nb4 Rxe1+ 24. Rxe1 Nc3 25. cxb6 axb6 26. Nxc6 Nd5
27. Ne5+ fxe5 28. Bxe5 Rxa2 29. Bxg7 c5 30. g3 Ra3 31. Rb1 Ke6 32. f4 Kf5 33.
Kf2 h5 34. Rb2 Nb4 35. Ke3 Ra1 36. Re2 Rb1 37. Rb2 Ra1 38. Kf3 Ra3 39. Ke3 Ra1
40. Bc3 Nd5+ 41. Kd3 Rd1+ 42. Rd2 Rc1 43. Bb2 Nb4+ 44. Ke2 Rh1 45. Kf3 Rf1+ 46.
Kg2 Rb1 47. Kh3 Ke4 48. Bg7 Rxb3 49. Kh4 Rd3 50. Re2+ Kf3 51. Re6 Rd7 52. Be5
Nd3 53. Kxh5 b5 54. Kg6 c4 55. Rb6 Rd5 56. Bc3 Kg4 57. f5 b4 58. Rc6 1/2-1/2

[Event "15PCR_F"]
[Site "?"]
[Date "2006.??.??"]
[Round "?"]
[White "Rychtecky, Pavel"]
[Black "Kotrc, Michal"]
[Result "0-1"]
[WhiteElo "2218"]
[BlackElo "2204"]
[PlyCount "90"]
[EventDate "2006.??.??"]
[SourceDate "2006.08.10"]

1. e4 c6 2. d4 d5 3. Nc3 dxe4 4. Nxe4 Nf6 5. Nxf6+ exf6 6. c3 Bd6 7. Bd3 O-O 8.
Qc2 h6 9. Ne2 Qc7 10. Be3 Re8 11. h3 Nd7 12. O-O Nf8 13. c4 Ne6 14. Rfe1 Bd7
15. Rad1 c5 16. d5 Nf4 17. Nxf4 Bxf4 18. Bh7+ Kh8 19. Bxf4 Qxf4 20. Bd3 Kg8 21.
Qd2 Qxd2 22. Rxe8+ Rxe8 23. Rxd2 Kf8 24. f4 Ke7 25. d6+ Kd8 26. Kf2 Bc6 27. Bc2
h5 28. g3 g6 29. f5 g5 30. a3 h4 31. g4 Kd7 32. b4 a6 33. Rd1 Re5 34. Rd2 b6
35. Bb1 Be4 36. Ba2 Re8 37. Bb3 Bc6 38. Bc2 cxb4 39. axb4 Re5 40. Bb3 Re4 41.
Rd3 Rf4+ 42. Kg1 Kd8 43. Ba2 Re4 44. Ra3 Bb7 45. Re3 Rxe3 0-1

[Event "15PCR_F"]
[Site "?"]
[Date "2006.??.??"]
[Round "?"]
[White "Pecina, Pavel"]
[Black "Batka, Josef"]
[Result "1/2-1/2"]
[WhiteElo "2258"]
[BlackElo "2260"]
[PlyCount "106"]
[EventDate "2006.??.??"]
[SourceDate "2006.08.10"]

1. e4 c5 2. Nf3 Nc6 3. Bb5 Nf6 4. Nc3 a6 5. Bxc6 dxc6 6. d3 Bg4 7. h3 Bh5 8.
Qe2 Qc7 9. Bg5 h6 10. Bh4 Nd7 11. g4 Bg6 12. e5 e6 13. O-O-O b5 14. Bg3 Be7 15.
Nd2 a5 16. f4 O-O 17. Rhf1 b4 18. Na4 Bh7 19. h4 Qd8 20. g5 Bg6 21. gxh6 gxh6
22. f5 exf5 23. h5 Bh7 24. Bf4 Bg5 25. Rde1 Kh8 26. Nc4 Qe7 27. Bxg5 hxg5 28.
Qg2 Ra6 29. h6 Bg6 30. Rh1 Kh7 31. Re2 f4 32. Qg4 Re8 33. Rhe1 Raa8 34. Nd6 Rg8
35. Nc4 Qe6 36. Qg1 g4 37. Rf1 f3 38. Ree1 Bh5 39. Qg3 Kxh6 40. Nab6 Nxb6 41.
Nxb6 Rad8 42. Nc4 a4 43. Re4 Rd4 44. b3 Rxe4 45. dxe4 axb3 46. axb3 Qe7 47. Nd6
Qg5+ 48. Kb1 Bg6 49. Rg1 Rd8 50. Nf5+ Bxf5 51. exf5 Kg7 52. e6 Rd4 53. Rh1 Qxf5
1/2-1/2

[Event "15PCR_F"]
[Site "?"]
[Date "2006.??.??"]
[Round "?"]
[White "Paulik, Vaclav"]
[Black "Hrubcik, Martin"]
[Result "1/2-1/2"]
[WhiteElo "2160"]
[BlackElo "2199"]
[PlyCount "176"]
[EventDate "2006.??.??"]
[SourceDate "2006.08.10"]

1. e4 c5 2. c3 e5 3. Nf3 Nc6 4. Bc4 Nf6 5. Ng5 d5 6. exd5 Nxd5 7. Qh5 g6 8. Qf3
Qxg5 9. Bxd5 Nd8 10. O-O Qf5 11. Qe3 Ne6 12. Na3 Bg7 13. Nc4 O-O 14. Nd6 Qf6
15. Nxc8 Raxc8 16. Bxb7 Rc7 17. Bd5 Rd8 18. Bc4 Nf4 19. d3 Qf5 20. f3 Bf8 21.
b3 Rcd7 22. Rd1 Be7 23. g3 Nd5 24. Qd2 Qxf3 25. Rf1 Qh5 26. Qf2 Kh8 27. Bb2 f6
28. Rae1 Nb6 29. Bb5 Rc7 30. a4 Qg4 31. a5 Nd5 32. Bc4 Nf4 33. Qe3 Nh3+ 34. Kh1
Ng5 35. Bc1 Kg7 36. Qf2 h6 37. Re2 Qd7 38. Qe3 Qh3 39. Ref2 Rb7 40. a6 Rb6 41.
Qe2 Qc8 42. Be3 Qc6+ 43. Rg2 Nf7 44. b4 Rbb8 45. Qa2 Nd6 46. Bd5 Qd7 47. Bxc5
Ne8 48. Bxe7 Qxe7 49. Rgf2 f5 50. Re1 Nf6 51. Bc4 Rbc8 52. Rfe2 e4 53. dxe4
fxe4 54. Rc2 Qe5 55. Bf1 Nd5 56. Qb2 Rxc3 57. Bc4 Qf6 58. Bxd5 Rxc2 59. Qxc2
Qf3+ 60. Kg1 Rxd5 61. Qxe4 Qxe4 62. Rxe4 Kf6 63. Rf4+ Ke7 64. Rh4 h5 65. Rc4
Kd7 66. g4 Rb5 67. gxh5 Rg5+ 68. Kf2 gxh5 69. h4 Rg6 70. Rc5 Rxa6 71. Rxh5 Ra4
72. b5 a5 73. Rh8 Rf4+ 74. Ke3 Rb4 75. h5 Kc7 76. Ra8 Kb6 77. h6 Rb3+ 78. Kd4
Rb4+ 79. Kc3 Rh4 80. Rh8 Kxb5 81. h7 Ka4 82. Kd3 Ka3 83. Ke3 a4 84. Kd3 Ka2 85.
Kc2 a3 86. Kd2 Ka1 87. Ra8 Rxh7 88. Rxa3+ Kb1 1/2-1/2

[Event "15PCR_F"]
[Site "?"]
[Date "2006.??.??"]
[Round "?"]
[White "Kotrc, Michal"]
[Black "Strnad, Martin"]
[Result "1/2-1/2"]
[WhiteElo "2204"]
[BlackElo "2241"]
[PlyCount "114"]
[EventDate "2006.??.??"]
[SourceDate "2006.08.10"]

1. e4 e5 2. Nf3 Nf6 3. Nc3 Nc6 4. Bb5 Bb4 5. O-O O-O 6. d3 d6 7. Bg5 Bxc3 8.
bxc3 h6 9. Bh4 Bd7 10. Re1 a6 11. Bc4 Na5 12. Bb3 Qe7 13. d4 Rad8 14. Qd3 Rfe8
15. h3 Bb5 16. c4 Bc6 17. Qc3 Nxb3 18. axb3 Rc8 19. d5 Bd7 20. c5 dxc5 21. Bg3
c6 22. Bxe5 cxd5 23. Bxf6 Qxf6 24. Qxf6 gxf6 25. exd5 Rxe1+ 26. Rxe1 Bf5 27. c4
Kf8 28. Re3 Re8 29. Rc3 Ke7 30. Nd2 Kd6 31. Rf3 Re1+ 32. Kh2 Ke5 33. d6 Bc8 34.
Kg3 Ke6 35. Rd3 Kd7 36. Kg4 Kc6+ 37. Kh5 Bf5 38. d7 Bxd7 39. Kxh6 Re2 40. Kg7
Rxf2 41. g4 Be6 42. Ne4 Rf1 43. Nxf6 Rh1 44. g5 b5 45. Ng4 Rf1 46. Ne5+ Kc7 47.
h4 Rf5 48. Re3 Kd6 49. Nf3 bxc4 50. bxc4 Bxc4 51. Nd2 Bd5 52. Ne4+ Bxe4 53.
Rxe4 Kd5 54. Re7 c4 55. Rxf7 Rxf7+ 56. Kxf7 c3 57. g6 c2 1/2-1/2

[Event "15PCR_F"]
[Site "?"]
[Date "2006.??.??"]
[Round "?"]
[White "Strnad, Martin"]
[Black "Pytlik, Lesek"]
[Result "0-1"]
[WhiteElo "2241"]
[BlackElo "2403"]
[PlyCount "114"]
[EventDate "2006.??.??"]
[SourceDate "2006.08.10"]

1. d4 Nf6 2. c4 e6 3. Nf3 b6 4. g3 Bb7 5. Bg2 Be7 6. O-O O-O 7. Nc3 Ne4 8. Qc2
Nxc3 9. Qxc3 f5 10. Bf4 Bf6 11. Rad1 d6 12. Qe3 Qe7 13. Bg5 Nd7 14. Bxf6 Nxf6
15. d5 e5 16. h3 Nd7 17. Qg5 Rf6 18. a3 a5 19. e4 f4 20. gxf4 exf4 21. Kh2 Raf8
22. Rg1 h6 23. Qh4 Qxe4 24. Bh1 R8f7 25. Nd4 Qe7 26. Nf3 Qe2 27. Nd2 f3 28.
Rge1 Rf4 29. Qg3 Qd3 30. Re8+ Kh7 31. Re3 Qd4 32. Rxf3 Rxf3 33. Bxf3 Ne5 34.
Be4+ Kg8 35. Qh4 Ng6 36. Qg4 Qxf2+ 37. Qg2 Qe3 38. Nf1 Qf4+ 39. Kh1 Ne5 40. Nd2
Qh4 41. Rg1 Bc8 42. Qg3 Qxh3+ 43. Qxh3 Bxh3 44. Kh2 Rf2+ 45. Kxh3 Rxd2 46. b3
a4 47. bxa4 g5 48. Bb1 Kg7 49. Rc1 h5 50. a5 bxa5 51. c5 g4+ 52. Kg3 Kf6 53.
Rf1+ Nf3 54. Kf4 Rd4+ 55. Ke3 Ke5 56. cxd6 cxd6 57. Rc1 Ra4 0-1

[Event "15PCR_F"]
[Site "?"]
[Date "2006.??.??"]
[Round "?"]
[White "Pecina, Pavel"]
[Black "Strnad, Martin"]
[Result "1-0"]
[WhiteElo "2258"]
[BlackElo "2241"]
[PlyCount "77"]
[EventDate "2006.??.??"]
[SourceDate "2006.08.10"]

1. e4 e5 2. Nf3 Nf6 3. d4 Nxe4 4. Bd3 d5 5. Nxe5 Nd7 6. Nxd7 Bxd7 7. O-O Bd6 8.
c4 c6 9. Nc3 Nxc3 10. bxc3 O-O 11. c5 Be7 12. Bf4 b6 13. cxb6 axb6 14. a4 Re8
15. Re1 Bf6 16. Rxe8+ Bxe8 17. Rb1 c5 18. Bc2 g6 19. Be5 Bxe5 20. dxe5 Bc6 21.
f3 Ra7 22. h3 Kg7 23. f4 d4 24. cxd4 Rd7 25. d5 Bxd5 26. Qe2 Bc6 27. Rd1 Rd4
28. Rxd4 Qxd4+ 29. Qf2 Qd5 30. Kh2 h6 31. Qg3 Kf8 32. f5 gxf5 33. Bxf5 c4 34.
Bc2 Qd4 35. Qe1 c3 36. Kh1 Bd5 37. Qe2 Ke7 38. Qb5 Qc5 39. Qxc5+ 1-0

[Event "15PCR_F"]
[Site "?"]
[Date "2006.??.??"]
[Round "?"]
[White "Prchly, Milos"]
[Black "Paulik, Vaclav"]
[Result "1-0"]
[WhiteElo "2269"]
[BlackElo "2160"]
[PlyCount "105"]
[EventDate "2006.??.??"]
[SourceDate "2006.08.10"]

1. d4 Nf6 2. c4 e6 3. Nc3 Bb4 4. e3 b6 5. Bd3 Bb7 6. Nf3 Ne4 7. Qc2 f5 8. O-O
Bxc3 9. bxc3 O-O 10. Nd2 Qh4 11. f3 Nxd2 12. Bxd2 d6 13. Be1 Qg5 14. e4 f4 15.
e5 Qh5 16. Be4 d5 17. Bd3 c5 18. Bf2 Nc6 19. Rab1 dxc4 20. Bxc4 Qh6 21. Bd3
cxd4 22. cxd4 Rad8 23. Be4 Rd7 24. Qa4 Nb8 25. Rb3 Bxe4 26. fxe4 Qg6 27. Qc4
Rdd8 28. Kh1 Rc8 29. Qe2 Rf7 30. Bg1 Qg5 31. Rbf3 Qg4 32. Qd1 Rcf8 33. Qc2 Nd7
34. Bf2 g5 35. Be1 Qh5 36. Bb4 Rd8 37. Bd6 Qg6 38. g3 Nf6 39. exf6 Rxd6 40.
gxf4 Rxd4 41. fxg5 Qxe4 42. Qc8+ Rf8 43. Qc7 Rf7 44. Qb8+ Rf8 45. Qxa7 Rf7 46.
Qb8+ Rf8 47. Qg3 Rd3 48. h4 Rfd8 49. Kh2 Rd2+ 50. Kh3 R2d3 51. h5 Kf7 52. Kh2
Rd2+ 53. R1f2 1-0

[Event "15PCR_F"]
[Site "?"]
[Date "2006.??.??"]
[Round "?"]
[White "Jirku, Jaroslav"]
[Black "Strnad, Martin"]
[Result "1/2-1/2"]
[WhiteElo "2278"]
[BlackElo "2241"]
[PlyCount "93"]
[EventDate "2006.??.??"]
[SourceDate "2006.08.10"]

1. e4 e5 2. Nf3 Nf6 3. Nxe5 d6 4. Nf3 Nxe4 5. d4 d5 6. Bd3 Be7 7. O-O Nc6 8. c4
Nb4 9. Be2 O-O 10. Nc3 Bf5 11. a3 Nxc3 12. bxc3 Nc6 13. Re1 Re8 14. cxd5 Qxd5
15. Bf4 Bd6 16. c4 Qe4 17. Be3 Rad8 18. Qb3 Bf4 19. d5 Na5 20. Qb4 Bxe3 21. Bf1
Qc2 22. Rxe3 Rxe3 23. fxe3 b6 24. Qe7 Rf8 25. Nd4 Qc3 26. Ra2 Bd3 27. Rf2 Nxc4
28. Ne6 Qxa3 29. Qxf8+ Qxf8 30. Nxf8 Bxf1 31. Ne6 Bd3 32. Nxc7 Kf8 33. d6 Bg6
34. Nb5 a6 35. Ra2 a5 36. Ra4 Bd3 37. Ra1 Ke8 38. Rc1 Kd8 39. Na7 g6 40. Rc3
Ne5 41. Nc8 b5 42. Rc5 Nc4 43. Na7 b4 44. Nc6+ Kd7 45. Rd5 Be4 46. Nb8+ Kd8 47.
Nc6+ 1/2-1/2

[Event "15PCR_F"]
[Site "?"]
[Date "2006.??.??"]
[Round "?"]
[White "Prchly, Milos"]
[Black "Pecina, Pavel"]
[Result "1/2-1/2"]
[WhiteElo "2269"]
[BlackElo "2258"]
[PlyCount "95"]
[EventDate "2006.??.??"]
[SourceDate "2006.08.10"]

1. d4 d5 2. c4 c6 3. Nc3 Nf6 4. e3 e6 5. Nf3 Nbd7 6. Bd3 dxc4 7. Bxc4 b5 8. Bd3
a6 9. e4 c5 10. d5 c4 11. dxe6 fxe6 12. Be2 Bb4 13. Ng5 Qe7 14. a4 Bb7 15. axb5
axb5 16. Rxa8+ Bxa8 17. O-O h6 18. Bh5+ Kf8 19. Nh3 Bxc3 20. bxc3 Bxe4 21. Nf4
g5 22. Ng6+ Bxg6 23. Bxg6 Kg7 24. Bb1 Nd5 25. f4 Rf8 26. Qc2 Rf6 27. Qh7+ Kf8
28. Qh8+ Kf7 29. f5 Nxc3 30. fxe6+ Kxe6 31. Re1+ Ne5 32. Be3 Qf8 33. Qxf8 Rxf8
34. Bd4 Nxb1 35. Rxe5+ Kf7 36. Rxb5 Rd8 37. Rb7+ Kg6 38. Rb6+ Kf5 39. Bg7 Rd1+
40. Kf2 h5 41. h3 Rd2+ 42. Ke1 Rxg2 43. Kf1 Rh2 44. Kg1 Rxh3 45. Rxb1 Rb3 46.
Rf1+ Ke4 47. Re1+ Kf5 48. Rf1+ 1/2-1/2

[Event "15PCR_F"]
[Site "?"]
[Date "2006.??.??"]
[Round "?"]
[White "Strnad, Martin"]
[Black "Postl, Rostislav"]
[Result "1/2-1/2"]
[WhiteElo "2241"]
[BlackElo "2314"]
[PlyCount "140"]
[EventDate "2006.??.??"]
[SourceDate "2006.08.10"]

1. e4 e5 2. Nf3 Nc6 3. Nc3 Nf6 4. Bb5 Bb4 5. O-O O-O 6. d3 d6 7. Bxc6 bxc6 8.
Ne2 Bg4 9. Ng3 Bc5 10. h3 Bd7 11. c3 Bb6 12. Bg5 h6 13. Bh4 Qe7 14. Nf5 Bxf5
15. exf5 g5 16. fxg6 fxg6 17. Re1 g5 18. Bg3 Nh5 19. Bh2 Rae8 20. a4 a5 21. b4
Qf7 22. Qc2 Qg6 23. Rab1 Kh8 24. Kh1 Nf6 25. bxa5 Bxa5 26. Nd2 Nd5 27. Ne4 Nf4
28. Red1 g4 29. hxg4 d5 30. Ng3 Qxg4 31. f3 Qg5 32. c4 Rf7 33. Rg1 Bb6 34. c5
Ba5 35. Ne2 Ne6 36. Rbd1 Qh4 37. d4 exd4 38. Nxd4 Nxd4 39. Qb2 Re2 40. Qxd4+
Qxd4 41. Rxd4 Kh7 42. Rgd1 Ra2 43. Bg1 h5 44. R1d3 Be1 45. g4 Re7 46. Rd1 h4
47. Rf4 Bc3 48. Rf5 Kg6 49. Rh5 Rh7 50. Rxh7 Kxh7 51. Bh2 Rxa4 52. Bxc7 Rd4 53.
Rb1 Rb4 54. Rd1 Bd4 55. Bd8 Bxc5 56. Bxh4 Kg6 57. Rc1 Rc4 58. Re1 Bb4 59. Re8
Kf7 60. Rd8 Ke6 61. Re8+ Kd7 62. Rd8+ Kc7 63. Kg2 d4 64. Kf1 c5 65. Bf6 Rc1+
66. Kf2 Rc2+ 67. Kg3 Re2 68. g5 Re6 69. Rd5 Kc6 70. Rd8 Ba5 1/2-1/2